| 000 | 00530nmm a2200169Ia 4500 | ||
|---|---|---|---|
| 008 | 251105s9999||||xx |||||||||||||||||und|| | ||
| 020 | _a9788476582374 | ||
| 041 | _aspa | ||
| 100 | _aBarrio Martínez, Cristina del | ||
| 245 | 0 | _aLa comprensión infantil de la enfermedad: un estudio evolutivo | |
| 264 |
_a[Madrid, España] : _bAnthropos, _c1990 |
||
| 300 | _a260 páginas | ||
| 490 | _aAutores, textos y temas. Psicologia | ||
| 650 | _aPsychology | ||
| 856 | _uhttps://public.digitaliapublishing.com/a/66530 | ||
| 942 | _cCF | ||
| 999 |
_c85100 _d85100 |
||